000 00729nam a22002417a 4500
003 UA-OsUOA
001 107797
007 ta
008 20140912b un ||||| |||| 00| 0 ukr d
100 _aТивончук С.О.
700 _aТивончук С.В.
700 _aКостюк Р.В.
090 _a330(477)
_bТ39
942 _cSA
040 _aUA-OsUOA
_bukr
_cUA-OsUOA
_dUA-OsUOA
245 _aІнституційне забезпечення інноваційної діяльності в аграрній сфері
300 _aС.68
955 _a0
041 _aukr
080 _a330(477)
773 0 _w107794
_tЕкономіка АПК
_dК.
_d2014
_g8
650 7 _a330 Економіка взагалі
_2UDC
999 _c394154
_d394154